UITU Library & LRC     

Analysis and Design of Analog Integrated Circuits (Record no. 13789)

MARC details
000 -LEADER
fixed length control field 00494nam a2200181Ia 4500
008 - FIXED-LENGTH DATA ELEMENTS--GENERAL INFORMATION
fixed length control field 240925s9999 xx 000 0 und d
020 ## - INTERNATIONAL STANDARD BOOK NUMBER
International Standard Book Number 9788126521487
082 ## - DEWEY DECIMAL CLASSIFICATION NUMBER
Classification number 621.3815 GRA
100 ## - MAIN ENTRY--PERSONAL NAME
Personal name Hurst, Gray ; Meyer, Lewis
245 #0 - TITLE STATEMENT
Title Analysis and Design of Analog Integrated Circuits
250 ## - EDITION STATEMENT
Edition statement 5th
260 ## - PUBLICATION, DISTRIBUTION, ETC.
Place of publication, distribution, etc. New Delhi:
Name of publisher, distributor, etc. Wiley
Date of publication, distribution, etc. ,2010.
300 ## - PHYSICAL DESCRIPTION
Extent xiv, 567p.
Other physical details 0
Type of unit Original
500 ## - GENERAL NOTE
General note Includes Index
600 ## - SUBJECT ADDED ENTRY--PERSONAL NAME
Personal name Engineering Technology
650 ## - SUBJECT ADDED ENTRY--TOPICAL TERM
Topical term or geographic name entry element Technology
942 ## - ADDED ENTRY ELEMENTS (KOHA)
Koha item type Books
Holdings
Withdrawn status Lost status Damaged status Not for loan Collection Home library Current library Date acquired Source of acquisition Cost, normal purchase price Total checkouts Full call number Barcode Date last seen Price effective from Koha item type
        Engineering Technology UITU Library UITU Library 05/10/2017 H & S Enterprises 1306.94   621.3815 GRA Q11290 09/25/2024 09/25/2024 Books

Powered by Koha